Bệnh khớp

সংরক্ষণ করুন:
গ্রন্থ-পঞ্জীর বিবরন
প্রধান লেখক: Trần Ngọc Ân
অন্যান্য লেখক: Phạm Khuê
বিন্যাস: গ্রন্থ
প্রকাশিত: Tp. Hồ Chí Minh Y học 1979
বিষয়গুলি:
ট্যাগগুলো: ট্যাগ যুক্ত করুন
কোনো ট্যাগ নেই, প্রথমজন হিসাবে ট্যাগ করুন!
Thư viện lưu trữ: Trung tâm Học liệu Lê Vũ Hùng, Trường Đại học Đồng Tháp
LEADER 00689pam a22002058a 4500
001 00000847
005 20171026081022.0
008 110323s1979 ||||||Viesd
041 0 # |a Vie 
082 1 4 |a 616.7  |b B256KH 
100 0 # |a Trần Ngọc Ân 
245 0 0 |a Bệnh khớp  |c Trần Ngọc Ân, Phạm Khuê 
260 # # |a Tp. Hồ Chí Minh  |b Y học  |c 1979 
300 # # |a 159 tr.  |c 24 cm. 
653 # # |a Bệnh khớp  |a Triệu chứng  |a Phương pháp điều trị 
700 0 # |a Phạm Khuê 
852 # # |b Kho đọc  |j KD.0000749 
852 # # |j KD.0000749 
910 |d 23/03/2011 
980 # # |a Trung tâm Học liệu Lê Vũ Hùng, Trường Đại học Đồng Tháp